The English flower garden : design and arrangement shown by existing examples of gardens in Great Britain and Ireland ... /

Saved in:
Bibliographic Details
Main Author: Robinson, W. (William), 1838-1935
Format: Book
Language:English
Published: London : J. Murray, 1898.
Edition:6th ed.
Subjects:
LEADER 01280cam a2200325 a 4500
001 c000391641
003 CARM
005 20121001095935.0
008 121001s1898 enka b 001 0 eng d
019 1 |a 69840237  |5 LACONCORD2021 
035 |a (OCoLC)614163456  |5 LACONCORD2021 
040 |a NUN:S  |b eng  |c NUN:S 
043 |a e-uk---  |a e-uk-en 
082 0 4 |a 712.6  |2 20 
100 1 |a Robinson, W.  |q (William),  |d 1838-1935. 
245 1 4 |a The English flower garden :  |b design and arrangement shown by existing examples of gardens in Great Britain and Ireland ... /  |c by W. Robinson. 
250 |a 6th ed. 
260 |a London :  |b J. Murray,  |c 1898. 
300 |a xii, 832 p. :  |b ill. ;  |c 24 cm. 
500 |a First ed. published 1883. 
504 |a Includes bibliographical references and index. 
650 0 |a Flower gardening  |z Great Britain. 
650 0 |a Plants, Ornamental  |z Great Britain. 
650 0 |a Cottage gardens, English. 
650 0 |a Gardens  |x Design. 
852 8 |b CARM  |p 0588354  |f BK 
852 8 |b SCAN  |h A3:AG13F0  |i C12818  |p 0588354  |f BK 
999 f f |i 9af299ac-5a9f-5ede-be76-9ada8d4a7e8f  |s 2f99e8d6-b830-5912-9ad3-4b2866220930 
952 f f |p Can circulate  |a CAVAL  |b CAVAL  |c CAVAL  |d CARM 1 Store  |i book  |m 0588354 
952 f f |a CAVAL  |b CAVAL  |c CAVAL  |d Unmapped Location  |e C12818  |f A3:AG13F0  |h Other scheme